Pokémon- Emplacements des Laboratoires Pokémon - Statistiques

Statistiques générales
  • Ce quiz a été pris 14 fois
  • Le résultat moyen est 6 sur 12
Statistiques - réponses
Professeur Emplacement du Laboratoire % Correct
Chen Bourg Palette
100%
Sorbier Littorella
92%
Seko Bourg-en-Vol
85%
Orme Bourg Geon
85%
Platane Illumis
85%
Keteleeria Renouet
69%
Turum/Olim Zone Zero
31%
Magnolia/Sonya Route 2
23%
Lavande Rusti-Cité
23%
Pressand (Ranger) Automnelle
15%
Pimprenelle (Soleil & Lune) Ho'ohale
15%
Euphorbe Abords d'Ekaeka
8%
Aucun quiz correspondant
Distribution des résultats
% des personnes avec chaque résultat
Percentile par nombre de réponses
Votre historique - résultats
Vous n’avez pas pris ce quiz